PMP Exam Success Series : Exam Simulation (Record no. 9693)
[ view plain ]
| 000 -LEADER | |
|---|---|
| fixed length control field | 00323 a2200109 4500 |
| 040 ## - CATALOGING SOURCE | |
| Original cataloging agency | DLC |
| Language of cataloging | DLC |
| 082 ## - DEWEY DECIMAL CLASSIFICATION NUMBER | |
| Classification number | 658.4 JOH |
| 100 ## - MAIN ENTRY--PERSONAL NAME | |
| Personal name | Johnson, Tony |
| 245 ## - TITLE STATEMENT | |
| Title | PMP Exam Success Series : Exam Simulation |
| Statement of responsibility, etc. | Tony Johnson |
| 260 ## - PUBLICATION, DISTRIBUTION, ETC. | |
| Place of publication, distribution, etc. | Texas |
| Name of publisher, distributor, etc. | Progressive International |
| -- | Progressive International |
| Date of publication, distribution, etc. | 2005 |
| 942 ## - ADDED ENTRY ELEMENTS (KOHA) | |
| Koha item type | CD,DVDs |
| Call number prefix | 658.4 JOH |
| Source of classification or shelving scheme | |
| Withdrawn status | Lost status | Damaged status | Not for loan | Collection code | Permanent Location | Current Location | Shelving location | Date acquired | Source of acquisition | Cost, normal purchase price | Total Checkouts | Full call number | Barcode | Date last seen | Price effective from | Koha item type |
|---|---|---|---|---|---|---|---|---|---|---|---|---|---|---|---|---|
| Central Library (CL) | Central Library (CL) | General Stacks | 06/05/2006 | Progressive International Agencies | 6435.38 | 658.4 JOH | SEECS007405 | 11/14/2012 | 01/05/2017 | CD,DVDs |
